Liga MX Teams based off their History - Statistics

General Stats
  • This quiz has been taken 14 times
    13 since last reset
  • The average score is 13 of 18
Answer Stats
Hint Answer % Correct
Originally named San Luis Futbol Club Atletico de San Luis
100%
The only team that only plays with Mexican born players Chivas
100%
The team whose nickname comes from its longtime cement company sponsor Cruz Azul
100%
Known as Los diablos rojos Toluca
100%
Famous stadium known as "La Corregidora" Queretaro F.C.
89%
French striker who became a club legend Tigres UANL
89%
Only team from Baja California playing in Liga MX Tijuana
89%
This team developed a cross-border friendly rivalry with El Paso Locomotive FC Juarez
78%
Nickname "Los Cañoneros" Mazatlan F.C.
78%
El Gigante de Acero Monterrey C.F.
78%
Ryan Reynolds and Eva Longoria have invested into this team Necaxa
78%
Their stadium can hold up to 87,000 people and is famously known worldwide Club America
67%
Is the only Mexican team to win the CONMEBOL Sudamericana Pachuca
56%
Has won the Liga MX 6 Times Santos Laguna
56%
Named after a Greek god who holds up the sky Atlas C.F.
44%
First major title was 1944-45 Copa Mexico Puebla
44%
Has won the Copa Interamericana Pumas
44%
This club was relegated to Primera Division A in 2002 Leon
33%
No matching quizzes found
Score Distribution
Percent of People with Each Score
Percentile by Number Answered
Your Score History
You have not taken this quiz since the last reset